| 000 | 00741cam a2200253 a 4500 | ||
|---|---|---|---|
| 008 | |||
| 020 | _a1919681132 (pbk.) | ||
| 049 | _aMAIN | ||
| 090 |
_aKTL789 _bDEC |
||
| 245 | 0 | 0 |
_aDeceased estates / _cW. Abrie... [et al.] |
| 250 | _a5th ed. | ||
| 260 |
_aLynnwood Ridge : _bProPlus, _c2003. |
||
| 300 |
_a407 p. : _bill., forms ; _c22 cm. |
||
| 504 | _aIncludes bibliographical references. | ||
| 500 | _aIncludes index. | ||
| 650 | 0 |
_aExecutors and administrators _zSouth Africa. |
|
| 650 | 0 |
_aDecedents' estates _zSouth Africa. |
|
| 700 | 1 | _aAbrie, W. | |
| 907 |
_a.b10309329 _b04-09-12 _c27-02-12 |
||
| 003 | |||
| 005 | 20230123125443.0 | ||
| 040 | _cNUST | ||
| 942 |
_cBOOKS _kKTL789 _mDEC |
||
| 999 |
_c141789 _d141789 |
||